000 00730nam a2200205Ii 4500
003 JO-AjNU
008 230605s9999||||xx |||||||||||||| ||und||
040 _aJO-AjNU
_bara
_erda
_cJO-AjNU
041 _aara
050 1 4 _aPJ7862 2004
100 3 _aزغلول، عبد اللطيف,
_eauthor
_952779
245 0 0 _aنفح الذكرى: مختارات من تراثه الشعري
250 _aط1
264 3 1 _aد.م: د.ن، 2004
300 _a159ص
_bاصدار خاص بورثة الشاعر
336 _atext
_btxt
_2rdacontent
337 _aunmediated
_bn
_2rdamedia
338 _avolume
_bnc
_2rdacarrier
650 4 _aالشعر العربي - فلسطين - شعر عبد اللطيف زغلول - القرن 21
_952780
999 _aA23400
_c26968
_d26968